Music Quiz

Random Music or Song Quiz

Time Songs Quiz Stats

 Plays Quiz Updated Sep 10, 2019

Score 0/32 Timer 07:00
1 Play Today
Performed By Song % Correct
Cyndi LauperTime After Time
62.8%
Green DayGood Riddance (Time of Your Life)
43.5%
Britney Spears...Baby One More Time
42%
Rocky Horror Picture ShowThe Time Warp
32.1%
SemisonicClosing Time
31.1%
Jim CroceTime in a Bottle
29.9%
CherIf I Could Turn Back Time
27.5%
Daft PunkOne More Time
25.7%
Bill Medley & Jennifer Warnes(I've Had) The Time of My Life
23.2%
Rolling StonesTime is On My Side
22.2%
Bob DylanThe Times They Are a-Changin'
22.1%
The ZombiesTime of the Season
14.2%
Billy JoelThe Longest Time
13.3%
Michael JacksonRemember the Time
12.7%
Bob SegerOld Time Rock and Roll
11.1%
Jordin SparksOne Step at a Time
10.4%
Performed By Song % Correct
Led ZeppelinGood Times, Bad Times
9.4%
Talking HeadsOnce in a Lifetime
8.7%
Huey Lewis and the NewsBack in Time
8.6%
Eddie CochranSummertime Blues
7.9%
Roberta FlackThe First Time Ever I Saw Your Face
6.5%
ForeignerFeels Like the First Time
6.4%
Peter GabrielBig Time
6.4%
The DoorsLove Me Two Times
6.2%
CommodoresThree Times a Lady
5.6%
The CarsGood Times Roll
5.3%
Paul YoungEvery Time You Go Away
4.4%
Stevie WonderPart-Time Lover
4.3%
Michael BoltonTime, Love and Tenderness
3.8%
Rudy ValleeAs Time Goes By
3.6%
Sly and the Family StoneHot Fun in the Summertime
2.5%
AudioslaveYour Time Has Come
1.9%

You're not logged in!

Compare scores with friends on all Sporcle quizzes.
OR
Log In

Sporcle TV

Today on Sporcle TV


Watch our educational content, quiz creation guides, and fun videos on Sporcle TV.

Show Comments

Extras

Top Quizzes Today


Score Distribution

Your Account Isn't Verified!

In order to create a playlist on Sporcle, you need to verify the email address you used during registration. Go to your Sporcle Settings to finish the process.

Report this User

Report this user for behavior that violates our Community Guidelines.

Details: